Tennis de Table : Vainqueurs de la Coupe du Monde ITTF - Statistiques

Statistiques générales
  • Ce quiz a été pris 3 fois
  • Le résultat moyen est 21 sur 44
Statistiques - réponses
Année Vainqueur % Correct
2020 Fan Zhendong
100%
2019 Fan Zhendong
100%
2018 Fan Zhendong
100%
2016 Fan Zhendong
100%
2006 Ma Lin
100%
2004 Ma Lin
100%
2003 Ma Lin
100%
2000 Ma Lin
100%
2024 Ma Long
100%
2015 Ma Long
100%
2012 Ma Long
100%
2026 Wang Chuqin
100%
2017 Dimitrij Ovtcharov
67%
2025 Hugo Calderano
67%
1990 Jan-Ove Waldner
67%
1994 Jean-Philippe Gatien
67%
2005 Timo Boll
67%
2002 Timo Boll
67%
2009 Vladimir Samsonov
67%
2001 Vladimir Samsonov
67%
1999 Vladimir Samsonov
67%
2013 Xu Xin
67%
2014 Zhang Jike
67%
2011 Zhang Jike
67%
1991 Jörgen Persson
33%
1996 Liu Guoliang
33%
1988 Andrzej Grubba
0%
1986 Chen Longcan
0%
1985 Chen Xinhua
0%
1982 Guo Yuehua
0%
1980 Guo Yuehua
0%
1984 Jiang Jialiang
0%
1998 Jörg Roßkopf
0%
1995 Kong Linghui
0%
1992 Ma Wenge
0%
1989 Ma Wenge
0%
1983 Mikael Appelgren
0%
1987 Teng Yi
0%
1981 Tibor Klampár
0%
2010 Wang Hao
0%
2008 Wang Hao
0%
2007 Wang Hao
0%
1997 Zoran Primorac
0%
1993 Zoran Primorac
0%
Aucun quiz correspondant
Distribution des résultats
% des personnes avec chaque résultat
Percentile par nombre de réponses
Votre historique - résultats
Vous n’avez pas pris ce quiz